Introduction à la sociologie des organisations (notice n° 1925407)

détails MARC
000 -LEADER
fixed length control field 01284cam a2200133 4500500
005 - DATE AND TIME OF LATEST TRANSACTION
control field 20260329023209.0
041 ## - LANGUAGE CODE
Language code of text/sound track or separate title fre
042 ## - AUTHENTICATION CODE
Authentication code dc
100 10 - MAIN ENTRY--PERSONAL NAME
Personal name Misset, Séverine
Relator term author
245 00 - TITLE STATEMENT
Title Introduction à la sociologie des organisations
260 ## - PUBLICATION, DISTRIBUTION, ETC.
Name of publisher, distributor, etc. Armand Colin,<br/>
Date of publication, distribution, etc. 2017.<br/>
520 ## - SUMMARY, ETC.
Summary, etc. Domaine central et très développé au sein de la discipline, la sociologie des organisations s’intéresse aux diverses entités regroupant des humains en vue d’atteindre certains objectifs (entreprises, administrations, associations…). L’ouvrage adopte une perspective socio-historique qui permet d’appréhender l’émergence de ce domaine, de caractériser les approches sociologiques des organisations et les visions spécifiques du comportement de l’homme dont elles sont porteuses, mais aussi de les inscrire dans un espace/temps spécifique. Il revisite ainsi les principales étapes de la pensée sociologique sur les organisations, et s’attache à montrer comment elles éclairent les processus caractéristiques des organisations contemporaines publiques ou privées, comme le lean management ou le new public management.
856 41 - ELECTRONIC LOCATION AND ACCESS
Uniform Resource Identifier <a href="https://shs.cairn.info/introduction-a-la-sociologie-des-organisations--9782200619534?lang=fr&redirect-ssocas=7080">https://shs.cairn.info/introduction-a-la-sociologie-des-organisations--9782200619534?lang=fr&redirect-ssocas=7080</a>

Pas d'exemplaire disponible.

PLUDOC

PLUDOC est la plateforme unique et centralisée de gestion des bibliothèques physiques et numériques de Guinée administré par le CEDUST. Elle est la plus grande base de données de ressources documentaires pour les Étudiants, Enseignants chercheurs et Chercheurs de Guinée.

Adresse

627 919 101/664 919 101

25 boulevard du commerce
Kaloum, Conakry, Guinée

Réseaux sociaux

Powered by Netsen Group @ 2025